LEADER 00730nam0-22002531i-450- 001 990001245070403321 035 $a000124507 035 $aFED01000124507 035 $a(Aleph)000124507FED01 035 $a000124507 100 $a20000920d1964----km-y0itay50------ba 101 0 $aeng 200 1 $aQualitative Methods in Mathematical Analysis$fBY EL'SGOL'C L.E. 210 $as.l.$cAmerican Mathematical Society$d1964 300 $aVOL.12 ? 700 1$aElsgolts,$bLev Ernestovic$0346159 801 0$aIT$bUNINA$gRICA$2UNIMARC 901 $aBK 912 $a990001245070403321 952 $aC-29-(12$b10179$fMA1 959 $aMA1 996 $aQualitative Methods in Mathematical Analysis$9381526 997 $aUNINA DB $aING01